Γυναίκα και τρόποι να αγαπάς στα κλασικά μυθιστορήματα του 19ου αιώνα : διπλωματική εργασία [μεταπτυχιακή εργασία]
Saved in:
| Main Author: | |
|---|---|
| Corporate Author: | |
| Other Authors: | |
| Format: | Thesis Book |
| Language: | Greek |
| Published: |
2015.
|
| Subjects: | |
| Online Access: | http://hdl.handle.net/11610/13662 |
| Tags: |
Add Tag
No Tags, Be the first to tag this record!
|
MARC
| LEADER | 00000cam a2200000 a 4500 | ||
|---|---|---|---|
| 001 | 1/107409 | ||
| 008 | 150714s2015####gr | ||| |||| ||gre|| | ||
| 040 | |a GR-MyUa |b gre |c GR-MyUa |e AACR2 | ||
| 041 | 0 | |a gre | |
| 082 | 7 | |a 808.8 |2 (23) | |
| 100 | 1 | |a Χαλάτση, Χριστίνα. | |
| 245 | 1 | 0 | |a Γυναίκα και τρόποι να αγαπάς στα κλασικά μυθιστορήματα του 19ου αιώνα : |b διπλωματική εργασία [μεταπτυχιακή εργασία] / |c Χαλάτση Χριστίνα ; επιβλέπουσα καθηγήτρια: Θεοδωροπούλου Έλενα. |
| 260 | |c 2015. | ||
| 300 | |a 114 σ. ; |c 30 εκ. | ||
| 502 | |a Διατριβή (μεταπτυχιακή) – Πανεπιστήμιο Αιγαίου, Ρόδος, 2015. | ||
| 504 | |a Βιβλιογραφία: σ. 112-114. | ||
| 506 | 1 | |a Διάθεση μόνο λέξεων κλειδιών περιλήψεων. | |
| 650 | 0 | |a Women in literature. | |
| 650 | 0 | |a Love in literature. | |
| 650 | 0 | |a Middle class in literature. | |
| 700 | 1 | |a Θεοδωροπούλου, Έλενα Κ. |e dgsf | |
| 710 | 1 | |a Πανεπιστήμιο Αιγαίου |b Σχολή Ανθρωπιστικών Επιστημών |b Τμήμα Επιστημών της Προσχολικής Αγωγής και του Εκπαιδευτικού Σχεδιασμού |b Μεταπτυχιακό Πρόγραμμα Σπουδών Παιδικό Βιβλίο και Παιδαγωγικό Υλικό. | |
| 852 | |a INST |b RHODES |c DIATR |e 20150714 |h 808.8 ΧΑΛ |p 005400037879 |q 005400037879 |t MTXE |y 23 | ||
| 856 | |u http://hdl.handle.net/11610/13662 | ||
| 924 | |a Χαλάτση |b Χριστίνα |y Ρόδος |z 2015-06 | ||
| 970 | |z 14-07-2015 | ||